Guía de publicaciones y audivisuales para el intercambio de información sobre estrategias para la prevención y eliminación de la explotación sexual comercial de niñas, niños y adolescentes: América Latina 1996-2008
Este recurso es una guía comprensiva que reúne una amplia gama de publicaciones y materiales audiovisuales relacionados con estrategias para prevenir y eliminar la explotación sexual comercial de niñas, niños y adolescentes en América Latina. El período cubierto se extiende desde 1996 hasta 2008, of...
Shranjeno v:
| Format: | Neznan |
|---|---|
| Jezik: | Spanish |
| Izdano: |
Costa Rica :
OIT ; IPEC
|
| Teme: | |
| Oznake: |
Označite
Brez oznak, prvi označite!
|
MARC
| LEADER | 00000 a2200000 04500 | ||
|---|---|---|---|
| 001 | 49146 | ||
| 003 | cru CIDCACS/IIS | ||
| 005 | 20230902201429.0 | ||
| 008 | 050630s2008 cr spa d | ||
| 020 | |a 978-92-2-321844-7 | ||
| 040 | |c cru CIDCACS/IIS | ||
| 090 | |a 02.04.02 O32g | ||
| 245 | |a Guía de publicaciones y audivisuales para el intercambio de información sobre estrategias para la prevención y eliminación de la explotación sexual comercial de niñas, niños y adolescentes: |b América Latina 1996-2008 | ||
| 260 | |a Costa Rica : |b OIT ; IPEC | ||
| 300 | |a 78 páginas + |e 2 discos compactos | ||
| 520 | |a Este recurso es una guía comprensiva que reúne una amplia gama de publicaciones y materiales audiovisuales relacionados con estrategias para prevenir y eliminar la explotación sexual comercial de niñas, niños y adolescentes en América Latina. El período cubierto se extiende desde 1996 hasta 2008, ofreciendo una visión integral de los enfoques y esfuerzos llevados a cabo en la región para abordar esta problemática. La guía proporciona información valiosa sobre recursos disponibles, incluyendo publicaciones, videos y otros materiales que han sido desarrollados por diversas organizaciones y agencias. Esta recopilación se convierte en una herramienta esencial para quienes trabajan en la protección de los derechos de los niños y la lucha contra la explotación sexual comercial, brindando una visión panorámica de las estrategias y enfoques implementados en la región en ese período. RAR 01/2023 | ||
| 650 | 0 | |2 OCDE |9 695 |a EXPLOTACION SEXUAL COMERCIAL | |
| 942 | |2 ddc |c LI | ||
| 999 | |c 6363 |d 6363 | ||



